[Event "BAN Marcel 1st Div"]
[Site "Dhaka"]
[Date "2017.12.31"]
[Round "2.3"]
[White "Chowdhury, Shamsul Kabir"]
[Black "Ahmed, Sk Raju"]
[Result "0-1"]
[WhiteElo "1769"]
[BlackElo "1809"]
[PlyCount "102"]
[EventDate "2017.12.30"]
[EventType "team-tourn"]
[EventRounds "9"]
[EventCountry "BAN"]
[SourceTitle "CBM 182 Extra"]
[Source "ChessBase"]
[SourceDate "2018.02.23"]
[SourceVersion "1"]
[SourceVersionDate "2018.02.23"]
[SourceQuality "1"]
[WhiteTeam "Mohakhali Pradip Sangah"]
[BlackTeam "Mir CC"]
[WhiteTeamCountry "BAN"]
[BlackTeamCountry "BAN"]

1. d4 d5 2. c4 e6 3. Nc3 Nf6 4. Bf4 h6 5. c5 c6 6. b4 Be7 7. e3 Nbd7 8. Bd3 b6 9. h3 Bb7 10. Nf3 0-0 11. 0-0 Nh5 12. Bh2 f5 13. Ne2 Ndf6 14. Ne5 g6 15. a4 Rc8 16. a5 b5 17. Bf4 Re8 18. Bxh6 Bf8 19. Bg5 Be7 20. g4 Ng7 21. Bh6 Nd7 22. f4 Nf6 23. Ng3 Ne4 24. Bxe4 dxe4 25. gxf5 exf5 26. Qb3+ Qd5 27. Qxd5+ cxd5 28. Rfc1 Bc6 29. Bg5 Bxg5 30. fxg5 Ne6 31. h4 Rf8 32. Ne2 f4 33. exf4 Nxf4 34. Nxf4 Rxf4 35. Kg2 e3 36. Re1 Rxd4 37. Rxe3 Rxb4 38. Nxc6 Rxc6 39. Re8+ Kf7 40. Re5 Rf4 41. Rae1 d4 42. Re7+ Kg8 43. Rd7 Rf7 44. Re8+ Kg7 45. Rdd8 Rfc7 46. Rh8 Rxc5 47. Rdf8 Rc2+ 48. Kf3 Rf7+ 49. Rxf7+ Kxf7 50. Rh7+ Kg8 51. Rxa7 Rc6 0-1

[Event "Dhaka Powertec op-B"]
[Site "Dhaka"]
[Date "2017.07.21"]
[Round "7"]
[White "Ahmed, Sk Raju"]
[Black "Md, Nasim Hossain Bhuiy"]
[Result "1-0"]
[WhiteElo "1813"]
[BlackElo "1975"]
[PlyCount "65"]
[EventDate "2017.07.15"]
[EventType "swiss"]
[EventRounds "9"]
[EventCountry "BAN"]
[SourceTitle "EXT 2018"]
[Source "ChessBase"]
[SourceDate "2017.10.13"]
[SourceVersion "1"]
[SourceVersionDate "2017.10.13"]
[SourceQuality "1"]

1. d4 Nf6 2. c4 e6 3. a3 d5 4. Nc3 Nbd7 5. cxd5 exd5 6. g3 Be7 7. Bg2 c6 8. Nf3 0-0 9. 0-0 Nb6 10. Nd2 Bg4 11. f3 Be6 12. Re1 a5 13. e4 c5 14. e5 Nfd7 15. dxc5 Bxc5+ 16. Kh1 d4 17. Nce4 Nd5 18. Nb3 Bb6 19. Nxd4 Nxe5 20. Nxe6 fxe6 21. Ng5 Qf6 22. f4 Nc4 23. Rxe6 Nce3 24. Bxe3 Qxb2 25. Bxb6 Nxb6 26. Rb1 Rad8 27. Qg1 Qxa3 28. Rexb6 Rd2 29. Rxb7 h6 30. Ne6 Re8 31. Rxg7+ Kh8 32. Qa7 Qc3 33. Rh7+ 1-0

[Event "BAN Walton 1st League"]
[Site "Dhaka"]
[Date "2016.12.14"]
[Round "9.3"]
[White "Amonatov, Farrukh"]
[Black "Ahmed, Sk Raju"]
[Result "1-0"]
[WhiteElo "2620"]
[BlackElo "1837"]
[PlyCount "55"]
[EventDate "2016.12.06"]
[EventType "team-tourn"]
[EventRounds "9"]
[EventCountry "BAN"]
[SourceTitle "CBM 176 Extra"]
[Source "ChessBase"]
[SourceDate "2017.03.02"]
[SourceVersion "1"]
[SourceVersionDate "2017.03.02"]
[SourceQuality "1"]
[WhiteTeam "Sheikh Russel Memorial"]
[BlackTeam "Masud Sports"]
[WhiteTeamCountry "BAN"]
[BlackTeamCountry "BAN"]

1. e4 c5 2. Nf3 Nc6 3. Nc3 e6 4. d4 cxd4 5. Nxd4 a6 6. Nxc6 bxc6 7. Bd3 Bb7 8. 0-0 Bc5 9. e5 d5 10. exd6 Bxd6 11. Ne4 Be7 12. Be3 Qa5 13. a3 c5 14. b4 cxb4 15. axb4 Qc7 16. Nc5 Bxc5 17. Bxc5 Nf6 18. Qe2 Nd7 19. Bd4 0-0 20. Ra5 g6 21. Qe3 Qc6 22. Qh3 f5 23. Re1 h5 24. Qg3 Kf7 25. Bxf5 exf5 26. Rxf5+ Kg8 27. Rg5 Kf7 28. Qb3+ 1-0

[Event "BAN Walton 1st League"]
[Site "Dhaka"]
[Date "2016.12.13"]
[Round "8.3"]
[White "Ahmed, Sk Raju"]
[Black "Mohammed Abdul, Malek"]
[Result "0-1"]
[WhiteElo "1837"]
[BlackElo "2158"]
[PlyCount "76"]
[EventDate "2016.12.06"]
[EventType "team-tourn"]
[EventRounds "9"]
[EventCountry "BAN"]
[SourceTitle "CBM 176 Extra"]
[Source "ChessBase"]
[SourceDate "2017.03.02"]
[SourceVersion "1"]
[SourceVersionDate "2017.03.02"]
[SourceQuality "1"]
[WhiteTeam "Masud Sports"]
[BlackTeam "Titas CC"]
[WhiteTeamCountry "BAN"]
[BlackTeamCountry "BAN"]

1. d4 e6 2. a3 f5 3. e3 Nf6 4. Bd3 b6 5. Nd2 Bb7 6. f3 c5 7. Ne2 cxd4 8. exd4 Bd6 9. Nc4 Bc7 10. Bg5 h6 11. Bf4 d6 12. Qd2 Nd5 13. Bg3 0-0 14. 0-0-0 a5 15. Nf4 Nxf4 16. Bxf4 b5 17. Qe2 bxc4 18. Qxe6+ Kh8 19. Bxc4 Rf6 20. Qe3 g5 21. Bxg5 hxg5 22. Qxg5 Qf8 23. Kb1 d5 24. Bd3 Nc6 25. c3 Ba6 26. Bc2 Rb8 27. Rde1 a4 28. g4 fxg4 29. fxg4 Na5 30. Re3 Rxb2+ 31. Kxb2 Nc4+ 32. Kb1 Qb8+ 33. Kc1 Qb2+ 34. Kd1 Qa1+ 35. Ke2 Nxe3+ 36. Kd2 Rf2+ 37. Kxe3 Rf3+ 38. Kxf3 Qxh1+ 0-1

[Event "BAN Walton 1st League"]
[Site "Dhaka"]
[Date "2016.12.12"]
[Round "7.3"]
[White "Shamima, Akter Liza"]
[Black "Ahmed, Sk Raju"]
[Result "1-0"]
[WhiteElo "2093"]
[BlackElo "1837"]
[PlyCount "79"]
[EventDate "2016.12.06"]
[EventType "team-tourn"]
[EventRounds "9"]
[EventCountry "BAN"]
[SourceTitle "CBM 176 Extra"]
[Source "ChessBase"]
[SourceDate "2017.03.02"]
[SourceVersion "1"]
[SourceVersionDate "2017.03.02"]
[SourceQuality "1"]
[WhiteTeam "Leonine CC"]
[BlackTeam "Masud Sports"]
[WhiteTeamCountry "BAN"]
[BlackTeamCountry "BAN"]

1. d4 d5 2. c4 e6 3. Nc3 Nf6 4. Nf3 Be7 5. Bf4 a6 6. c5 c6 7. e3 a5 8. a3 Nbd7 9. h3 0-0 10. Bd3 h6 11. 0-0 Nh5 12. Bh2 f5 13. Ne5 Nxe5 14. dxe5 g6 15. Na4 Rb8 16. Rc1 Bd7 17. Be2 Ng7 18. Qd2 Be8 19. Qc3 Ra8 20. Rfd1 g5 21. Nb6 Ra7 22. Qd4 h5 23. b4 g4 24. hxg4 fxg4 25. Bf4 Nf5 26. Qb2 Bg5 27. g3 Bxf4 28. exf4 Kg7 29. Nc4 a4 30. Nd6 Qb8 31. b5 cxb5 32. Bxb5 Bg6 33. Bd3 Kh6 34. Qb6 Nxd6 35. cxd6 Bxd3 36. Rxd3 Ra6 37. Qe3 Kg6 38. Rc7 Rc6 39. Rc3 Rc8 40. Qd3+ 1-0

[Event "BAN Walton 1st League"]
[Site "Dhaka"]
[Date "2016.12.08"]
[Round "3.3"]
[White "Ahmed, Sk Raju"]
[Black "Bhuiyan, Golam Mostafa"]
[Result "0-1"]
[WhiteElo "1837"]
[BlackElo "2113"]
[PlyCount "46"]
[EventDate "2016.12.06"]
[EventType "team-tourn"]
[EventRounds "9"]
[EventCountry "BAN"]
[SourceTitle "CBM 176 Extra"]
[Source "ChessBase"]
[SourceDate "2017.03.02"]
[SourceVersion "1"]
[SourceVersionDate "2017.03.02"]
[SourceQuality "1"]
[WhiteTeam "Masud Sports"]
[BlackTeam "Fire Service & Civil Defense"]
[WhiteTeamCountry "BAN"]
[BlackTeamCountry "BAN"]

1. d4 Nf6 2. e3 d5 3. Bd3 c5 4. b3 Nc6 5. c3 e5 6. dxe5 Nxe5 7. Be2 Bd6 8. Bb2 0-0 9. Nd2 Bf5 10. Ndf3 Qa5 11. a3 Ne4 12. b4 cxb4 13. cxb4 Bxb4+ 14. Kf1 Bc3 15. Bxc3 Qxc3 16. Rc1 Qb2 17. Nxe5 Qxe5 18. Nf3 Qb2 19. Nd4 Rac8 20. Ra1 Nd2+ 21. Kg1 Nb1 22. Nb3 Bc2 23. Rxb1 Bxb1 0-1